000 00740nam a2200217 i 4500
001 79166
003 ES-MaACL
005 20250712081856.0
007 t|
008 041020s1958 sp ||||1| spa d
100 1 _aHernández Gil, Félix.
_962944
245 1 4 _aLas arras en el derecho de la contratación
_b: (en torno al artículo 1454 del Código civil) /
_cFélix Hernández Gil.
260 _aSalamanca :
_bUniversidad de Salamanca,
_c1958.
300 _a110 p. ;
_c25 cm.
490 1 _aActa Salmanticensia. Derecho ;
_v2
650 4 _aContratos-
_zEspaña.
_9169000
710 2 _aUniversidad de Salamanca.
_97275
830 1 0 _aActa Salmanticensia
_v2
_9181394
852 _aES-MaACL
_jC-18451
999 _c79166
_d79166